| 000 | 00373 a2200157 4500 | ||
|---|---|---|---|
| 003 | OSt | ||
| 005 | 20180116182722.0 | ||
| 008 | 160817b xxu||||| |||| 00| 0 eng d | ||
| 020 | _a8120314751 | ||
| 040 | _c0 | ||
| 100 | _aLILIEN, GARY. L | ||
| 245 |
_aMARKETING MODELS. _cLilien Gary.L |
||
| 260 |
_aNEW DELHI _c1999 |
||
| 300 | _a803 | ||
| 942 |
_aNBS _cBK _k658.8 LIL _2ddc |
||
| 999 |
_c344739 _d344739 |
||